000 00617nam a2200229Ia 4500
003 OSt
005 20220924141542.0
006 a|||||r|||| 00| 0
007 ta
008 220923b |||||||| |||| 00| 0 ben d
024 _a298626
037 _cTextual
040 _aARTS
_cARTS
_bben
041 _2ben
_aben
082 _aO33,10aDelta25, 157M7
100 _aDebsen Tr.
_9212290
245 0 _aSatek bachan
_b Barsha staker kannad bhakti kobita
260 _c1987
650 _aKANNAD LITERATURE
942 _hO33,10aDelta25, 157M7
_cTEXL
_2CC
999 _c447609
_d447609